Soil fertility and fertilizers : (Record no. 7705)

MARC details
000 -LEADER
fixed length control field 00518nam a22001937a 4500
003 - CONTROL NUMBER IDENTIFIER
control field OSt
005 - DATE AND TIME OF LATEST TRANSACTION
control field 20220217131607.0
008 - FIXED-LENGTH DATA ELEMENTS--GENERAL INFORMATION
fixed length control field 220217b ||||| |||| 00| 0 eng d
020 ## - INTERNATIONAL STANDARD BOOK NUMBER
International Standard Book Number 9780135033739
040 ## - CATALOGING SOURCE
Transcribing agency DDC
082 ## - DEWEY DECIMAL CLASSIFICATION NUMBER
Classification number 631.42 SOI 2014
100 ## - MAIN ENTRY--PERSONAL NAME
Personal name Havlin,John L et.al
9 (RLIN) 15735
245 ## - TITLE STATEMENT
Title Soil fertility and fertilizers :
Remainder of title an introduction to nutrient management
250 ## - EDITION STATEMENT
Edition statement 8th ed.
260 ## - PUBLICATION, DISTRIBUTION, ETC. (IMPRINT)
Place of publication, distribution, etc. Newyork
Name of publisher, distributor, etc. : Pearson
Date of publication, distribution, etc. , C 2014
300 ## - PHYSICAL DESCRIPTION
Extent vii, 516p.
Dimensions 29 cm
504 ## - BIBLIOGRAPHY, ETC. NOTE
Bibliography, etc Index
942 ## - ADDED ENTRY ELEMENTS (KOHA)
Source of classification or shelving scheme Dewey Decimal Classification
Koha item type Book
Holdings
Withdrawn status Lost status Source of classification or shelving scheme Damaged status Not for loan Home library Current library Date acquired Source of acquisition Inventory number Total Checkouts Full call number Barcode Date last seen Price effective from Koha item type
    Dewey Decimal Classification     Faculty of Interdisciplinary Studies Library Faculty of Interdisciplinary Studies Library 17/02/2022 Purchase 17/4895   631.42 SOI 2014 2022-0201 17/02/2022 17/02/2022 Book
    Dewey Decimal Classification     Faculty of Interdisciplinary Studies Library Faculty of Interdisciplinary Studies Library 17/02/2022 Purchase 17/4898   631.42 SOI 2014 2022-0202 17/02/2022 17/02/2022 Book